000 00314nam a2200121Ia 4500
005 20251222141846.0
008 251222s9999||||xx |||||||||||||| ||spa||
082 _a659.104/A82
100 _aAspillaga Pazos, Carmela
245 0 _aCapacidad Educativa de La Publicidad
264 _bUniversidad de Piura
942 _cLIB
999 _c7570
_d7570